1382 1223 1476 1198 1121 1520 1401 1471 1727 1874 1726 1327 1993 1807 1725 1841 1636 1014 1298 1318 1011 1812 1626 1185 1497 1383 1105 1912 1141 1642 1322 1974 1547 1069 1201 1264 1226 1625 1360 1203 1870 1081 1297 1071 1711 1304 1196 1991 1265 1588 1447 1679 1929 1525 1113 1147 1315 1958 1220 1051 1743 1965 1634 1682 1014 1365 1121 1134 1347 1340 1388 1443 1715 1315 1430 1867 1723 1111 1787 1256 1062 1262 1666 1234 1056 1473 1061 1147 1317 1712 1830 1920 1410 1910 1823 1998 1787 1069 1658 BCNSPRNW ULIB Ver.6.0+V

เปลี่ยนเป็นภาษาไทย

Change to English
 แสดงรายละเอียดบรรณานุกรม
  กลับหน้าหลัก

Brief Record : Get Marc (ISO 2709) : E-mail record : QR code < ปิดหน้าต่าง
LEADER : 00000nam 2200000uu 4500
001    13399120930
003     ULIB
008    121026s2551||||th 000 0 tha d
020    ^a9749943481
050  4 ^aH62^bส747อ
110 1  ^aมหาวิทยาลัยสุโขทัยธรรมาธิราช^bสถาบันวิจัยและพัฒนา
245 00 ^aเอกสารการเรียนรู้การทำวิจัยด้วยตนเอง/^cกัญจนา ลินทรัตนศิริกุลและคณะ
250    ^aพิมพ์ครั้งที่ 2
260    ^aนนทบุรี:^bมหาวิทยาลัยสุโขทัยธรรมาธิราช,^c2551
300    ^a595 หน้า
650  7 ^aวิจัย
650  7 ^aสังคมศาสตร์^xวิจัย
700 1  ^aภัทรฤดี สุพัฒโสภณ
945    ^p0^l0^i17648
945    ^p0^l0^i17647
995    ^aทศพร
999    ^aทศพร เกษรทอง
รายการนี้ยังไม่มีแท็ก
คุณยังไม่ได้ล็อกอิน คุณสามารถมีกิจกรรมร่วมกับเว็บไซต์ได้ แต่ต้องล็อกอินก่อน ::
  ล็อกอิน

รายการสื่อสารสนเทศ

ลำดับที่ ประเภท เลขเรียก/บาร์โค้ด สถานที่ สถานะ
1. วิทยาศาสตร์การแพทย์ และสุขภาพ
วิทยาศาสตร์การแพทย์ และสุขภาพ
H62 ส747อ ฉ.1 
  Barcode: 17647
ห้องสมุดวิทยาเขตสวรรค์ประชารักษ์
►หนังสือทั่วไป
บนชั้น
2. วิทยาศาสตร์การแพทย์ และสุขภาพ
วิทยาศาสตร์การแพทย์ และสุขภาพ
H62 ส747อ ฉ.2 
  Barcode: 17648
ห้องสมุดวิทยาเขตสวรรค์ประชารักษ์
►หนังสือทั่วไป
บนชั้น

รายการใกล้เคียง
    หัวเรื่อง [วิจัย]

BibComment


ยังไม่เคยถูกคอมเมนท์

คอมเมนท์ทรัพยากรรายการนี้
  คอมเมนท์: เอกสารการเรียนรู..


 Copyright 2026. Bcnsprnw @Library